Les 100 noms de famille les plus portés au Québec - Statistiques

Statistiques générales
  • Ce quiz a été pris 245 fois
  • Le résultat moyen est 22 sur 100
Statistiques - réponses
Réponses % Correct
Tremblay
77%
Roy
49%
Gagnon
45%
Martin
42%
Bouchard
39%
Côté
39%
Dion
37%
Richard
37%
Pelletier
35%
Gagné
34%
Leblanc
34%
Simard
32%
Boucher
31%
Gauthier
31%
Lavoie
31%
Morin
31%
Dubois
30%
Lévesque
30%
Lefebvre
29%
Ouellet
29%
St-Pierre
29%
Cloutier
28%
Fortin
28%
Bergeron
27%
Jean
27%
Beaulieu
26%
Bélanger
25%
Girard
25%
Lapointe
25%
Leclerc
25%
Poirier
25%
Caron
23%
Desjardins
23%
Dubé
23%
Mercier
22%
Michaud
22%
Thibault
22%
Cyr
21%
Fournier
21%
Grenier
21%
Landry
21%
Paquette
21%
Turcotte
21%
Arsenault
20%
Guay
20%
Lemay
20%
Nadeau
20%
Perron
20%
Proulx
20%
Beaudoin
19%
Bilodeau
19%
Dupuis
19%
Fortier
19%
Houle
19%
Perreault
19%
Poulin
19%
Robert
19%
Villeneuve
19%
Leduc
18%
Lemieux
18%
Savard
18%
Bédard
17%
Bernier
17%
Blais
17%
Boivin
17%
Boudreau
17%
Demers
17%
Lessard
17%
Martel
17%
Plante
17%
Rousseau
17%
Therrien
17%
Lachance
16%
Vachon
16%
Allard
15%
Couture
15%
Hamel
15%
Champagne
14%
Gosselin
14%
Hébert
14%
Langlois
14%
Audet
13%
Bérubé
13%
Blanchette
13%
Charbonneau
13%
Giroux
13%
Gravel
13%
Lambert
13%
Ménard
13%
Paradis
13%
Parent
13%
Raymond
13%
Boisvert
12%
Deschênes
12%
Bolduc
11%
Dufour
11%
Gaudreault
11%
Thériault
11%
Larouche
10%
Gilbert
7%
Aucun quiz correspondant
Distribution des résultats
% des personnes avec chaque résultat
Percentile par nombre de réponses
Votre historique - résultats
Vous n’avez pas pris ce quiz